000 00185 a2200097 4500
020 _a9780439803656
041 _aeng
100 _aLehman, Barbara
245 _aThe red book
942 _cBK
999 _c31830
_d31828